Normal view MARC view

Entry Personal Name

Number of records used in: 4

001 - CONTROL NUMBER

  • control field: 858

003 - CONTROL NUMBER IDENTIFIER

  • control field: DLC

005 - DATE AND TIME OF LATEST TRANSACTION

  • control field: 20191227145544.0

008 - FIXED-LENGTH DATA ELEMENTS

  • fixed length control field: 851030n| azannaab |a aaa

010 ## - LIBRARY OF CONGRESS CONTROL NUMBER

  • LC control number: n 84207138

040 ## - CATALOGING SOURCE

  • Original cataloging agency: DLC
  • Language of cataloging: eng
  • Description conventions: rda
  • Transcribing agency: DLC
  • Modifying agency: DLC

100 1# - HEADING--PERSONAL NAME

  • Personal name: Krishnaswamy, O. R.

400 10 - SEE FROM TRACING--PERSONAL NAME

  • Personal name: Kiruṭṭin̲acāmi, Ō. Irāma.

400 10 - SEE FROM TRACING--PERSONAL NAME

  • Personal name: Krishnaswami, O. R.

670 ## - SOURCE DATA FOUND

  • Source citation: His The lead bank scheme, 1985:
  • Information found: t.p. (Dr. O.R. Krishnaswami)

670 ## - SOURCE DATA FOUND

  • Source citation: New Delhi MARC file, 7/17/85
  • Information found: (hdg.: Krishnaswamy, O.R.; usage: O.R. Krishnaswami) jkt. (prof. & head, Dept. of Com. & Mgt., Bangalore U.)

670 ## - SOURCE DATA FOUND

  • Source citation: New Delhi non-MARC file
  • Information found: (usage: Ō. Irāma. Kiruṭṭin̲acāmi)

Powered by Koha